00493 2200193 4500001002100000005001500021035002000036007000300056008004100059020001800100082000800118084001400126100001900140245003800159250001100197260003800208300004300246650001000289INLIS00000000000024820231113102156 a0010-1123000031ta231113 g 0 ind  a979-489-140-1 a635 a635 TIM s0 aTim Penulis PS1 aSayur Komersial /cTim Penulis PS aCet. 2 aJakarta :bPenebar Swadaya,c1995 aix, 152 hlm, :bilus, ;c15 cm x 23 cm 4asayur